A much smoother path to acquisition (Record no. 79069)
[ view plain ]
| 000 -LEADER | |
|---|---|
| fixed length control field | 01195cab a22002295a 4500 |
| 001 - CONTROL NUMBER | |
| control field | L139722 |
| 008 - FIXED-LENGTH DATA ELEMENTS--GENERAL INFORMATION | |
| fixed length control field | 070806e20070804xxk f 000 0 eng d |
| 035 ## - SYSTEM CONTROL NUMBER | |
| System control number | (Sirsi) u139722 |
| 041 0# - LANGUAGE CODE | |
| Language code of text/sound track or separate title | eng |
| 100 1# - MAIN ENTRY--PERSONAL NAME | |
| Personal name | Pedro, Melvin |
| 245 02 - TITLE STATEMENT | |
| Title | A much smoother path to acquisition |
| 260 ## - PUBLICATION, DISTRIBUTION, ETC. | |
| Date of publication, distribution, etc. | 2007 |
| 490 ## - SERIES STATEMENT | |
| Series statement | Estates Gazette |
| Volume/sequential designation | (0731) 4 August 2007, 72-74(3) |
| 520 ## - SUMMARY, ETC. | |
| Summary, etc. | Describes changes in legislation applying to special purpose vehicles (SPVs). The Companies Act 2006 simplifies the process of acquiring a company?s shares in order to obtain a property it owns, rather than purchasing the property. It also removes some restrictions. Prior to this Act, the price would have to be at or above the market value for the property to avoid restrictions on companies giving financial assistance to their own purchaser. Banks will now find financing such transactions more attractive. SPVs are also likely to be cheaper and faster. |
| 590 ## - LOCAL NOTE (RLIN) | |
| Local note | KA |
| 650 24 - SUBJECT ADDED ENTRY--TOPICAL TERM | |
| Topical term or geographic name entry element | COMPANIES ACT 2006 |
| 650 24 - SUBJECT ADDED ENTRY--TOPICAL TERM | |
| Topical term or geographic name entry element | COMPANIES ACT 1985 |
| 650 24 - SUBJECT ADDED ENTRY--TOPICAL TERM | |
| Topical term or geographic name entry element | AVELINE BARFORD LTD V PERION LTD |
| 651 #4 - SUBJECT ADDED ENTRY--GEOGRAPHIC NAME | |
| Geographic name | United Kingdom |
| Chronological subdivision | |
| 690 ## - LOCAL SUBJECT ADDED ENTRY--TOPICAL TERM (OCLC, RLIN) | |
| Topical term or geographic name as entry element | PROPERTY-BUSINESS ASSETS-ACQUISITION AND DISPOSAL OF BUSINESS ASSETS |
| 942 ## - ADDED ENTRY ELEMENTS (KOHA) | |
| Suppress in OPAC | 0 |
| Withdrawn status | Lost status | Source of classification or shelving scheme | Damaged status | Not for loan | Home library | Current library | Shelving location | Date acquired | Total Checkouts | Full call number | Barcode | Date last seen | Copy number | Price effective from | Koha item type |
|---|---|---|---|---|---|---|---|---|---|---|---|---|---|---|---|
| Dewey Decimal Classification | London | London | Journal article | 06/08/2007 | L139722 | 139722-1001 | 06/08/2019 | 1 | 06/08/2019 | Journal article |